000 00220nam a2200085Ia 4500
008 170617s9999 xx 000 0 und d
100 _aChatwal Gurdeep R
245 0 _aInstrumental Method of Chimecal Analysis
260 _bHimalaya Pub
260 _c2016
999 _c15623
_d15623